Avrupa Birliği hukuku ve haklarımız (Record no. 3230)

MARC details
000 -BAŞLIK
Sabit Uzunlukta Kontrol Alanı 00768na a2200241 4500
001 - KONTROL NUMARASI
Denetim Alanı 15581
003 - KONTROL NUMARASI IDENTIFIER
Denetim Alanı MIRAKIL
005 - SON İŞLEM TARİHİ VE ZAMANI
Denetim Alanı 20181213154925.0
008 - SABİT-BOY VERİ ELEMANLARI - GENEL BİLGİLER
Sabit Uzunlukta Kontrol Alanı 161114b tu 000 0
020 ## - ULUSLARARASI STANDART KİTAP NUMARASI
Uluslararası Standart Kitap Numarası 9786055614751
040 ## - KATALOGLAMA KAYNAK
Orijinal Kataloglama Ajansı Milas
Kataloglama Dili tur
Metne Dönüştürmek Ajansı TR-AnCHP
082 ## - DEWEY ONLU SINIFLANDIRMA NUMARASI
Sınıflandırma Numarası 341.026
Ürün Numarası D35a 2011
090 ## - SINIFLAMA NUMARASI
Sınıflama Numarası 341.026 D35a 2011
100 ## - ANA GİRİŞ - KİŞİSEL İSİM
Kişisel Ad Demirbulak, Selçuk
245 ## - BAŞLIK TABLOSU
Başlık Avrupa Birliği hukuku ve haklarımız
Sorumluluk Tablosu, Vb Selçuk Demirbulak
260 ## - YAYIN, DAĞITIM, VB
Yayın, Dağıtım, Vb Yeri Ankara
Yayıncı, Dağıtıcı, Vs Adı Türkiye Barolar Birliği
Yayın, Dağıtım, Vb Tarihi 2011
300 ## - FİZİKSEL TANIM
Kapsam iii, 107 s.
Boyutlar 24 sm.
490 ## - SERİSİ TABLOSU
Seri Beyanı Türkiye Barolar Birliği Yayınları
Hacim / Ardışık Tanımı 192
610 ## - KONU KATMA GİRİŞ - TOPLANTI ADI
Giriş Elemanı Olarak Kurumsal Ad Veya Yargı Alanı Adı Avrupa Birliği
Genel Alt Bölüm Hukuk ve mevzuat
Coğrafi Alt Bölüm Türkiye
650 ## - KONU KATMA GİRİŞ - TOPİKAL DÖNEM
Topikal Süreli Veya Coğrafi Ad Giriş Elemanı Hukuk
Genel Alt Bölümü Türkiye
Coğrafi Alt Bölümü Avrupa Birliği
650 ## - KONU KATMA GİRİŞ - TOPİKAL DÖNEM
Topikal Süreli Veya Coğrafi Ad Giriş Elemanı Uluslararası hukuk
Genel Alt Bölümü Türkiye
Kronolojik Alt Bölümü Avrupa Birliği
942 ## - EKLENDİ GİRİŞ ELEMANLARI (KOHA)
Sınıflandırma Veya Raf Düzeni Kaynak Dewey Decimal Classification
Koha Öğesi Türü Books
999 ## - SİSTEM KONTROL NUMARALARI (KOHA)
Koha Biblionumber 3230
Koha Biblioitemnumber 3230
Holdings
Kalıcı Konum Mevcut Konum Edinme Tarihi Edinim Kaynak Seri Numaralandırma / Kronolojik Toplam Check-Out'Lar Tam Çağrı Numarası Barkod Tarih Son Görülme İtibaren Geçerli Fiyatlar Koha Öğesi Türü Kopya Sayısı
CHP Kütüphanesi CHP Kütüphanesi 09/17/2016 Bağış c.3   341.026 D35a 2011 003926 09/17/2016 09/17/2016 Books  
CHP Kütüphanesi CHP Kütüphanesi 11/14/2016 Bağış     341.026 D35a 2011 009437 11/14/2016 11/14/2016 Books k.2